| 000 | 00449nam a2200193Ia 4500 | ||
|---|---|---|---|
| 005 | 20250603144757.0 | ||
| 008 | 250603s9999 xx 000 0 und d | ||
| 020 | _a9781119811558 | ||
| 050 | _aQA 76.9.D343 .P54/ | ||
| 100 | _aPierson, Lillian | ||
| 245 | 0 | _aData science for dummies | |
| 250 | _a3rd ed. | ||
| 260 | _aNew Yersey | ||
| 260 | _bJohn Wiley & Son | ||
| 260 | _c2021 | ||
| 300 | _a416 p | ||
| 650 | _aNew Yersey | ||
| 942 | _cBK | ||
| 999 |
_c39918 _d39918 |
||